Space mathematics
Αποθηκεύτηκε σε:
| Συλλογικό Έργο: | , , |
|---|---|
| Άλλοι συγγραφείς: | |
| Μορφή: | Πρακτικό Συνεδρίου Βιβλίο |
| Γλώσσα: | English |
| Δημοσίευση: |
Providence, R.I. :
American Mathematical Society,
1966.
|
| Σειρά: | Lectures in applied mathematics ;
5-7 |
| Θέματα: | |
| Ετικέτες: |
Προσθήκη ετικέτας
Δεν υπάρχουν, Καταχωρήστε ετικέτα πρώτοι!
|
MARC
| LEADER | 00000cam a2200000 i 4500 | ||
|---|---|---|---|
| 001 | 1/36544 | ||
| 008 | 941103s1966####riu| ||| |||| ||eng|| | ||
| 020 | |a 0821811061 | ||
| 035 | |a 1994 |l 10040268 | ||
| 040 | |a GR-MyUA |b gre |e AACR2 | ||
| 041 | 0 | |a eng | |
| 082 | 7 | |a 629.411 |2 (22) | |
| 111 | 2 | |a Summer Seminar on Applied Mathematics |n (3rd : |d 1963 : |c Cornell University) | |
| 245 | 1 | 0 | |a Space mathematics / |c J. Barkley Rosser, editor. |
| 260 | |a Providence, R.I. : |b American Mathematical Society, |c 1966. | ||
| 300 | |a 3 τ. : |b εικ. ; |c 24 εκ. | ||
| 490 | 1 | |a (Lectures in applied mathematics ; |v 5-7) | |
| 500 | |a "Proceedings of the Summer Seminar, Ithaca, New York, 1963...sponsored by the American Mathematical Society." | ||
| 500 | |a "The seminar was combined with the Fifth Annual Summer Institute in Dynamical Astronomy." | ||
| 504 | |a Περιέχει βιβλιογραφικές αναφορές. | ||
| 650 | 0 | |a Astrodynamics. | |
| 650 | 0 | |a Speeches, addresses, etc. | |
| 700 | 1 | |a Rosser, J. Barkley |q (John Barkley), |d 1907-1989, |e edt | |
| 710 | 2 | |a American Mathematical Society. | |
| 711 | 2 | |3 Summer Institute in Dynamical Astronomy |a Summer Institute in Dynamical Astronomy |n (5th : |d 1963 : |c Cornell University) | |
| 830 | 0 | |a Lectures in applied mathematics ; |v 5-7 | |
| 852 | |a INST |b SAMOS |e 19941103 |h 629.411 SUM |p 005300007283 |q 005300007283 |t BK |y 0 |z v.3 | ||
| 852 | |a INST |b SAMOS |e 19941103 |h 629.411 SUM |p 005300007288 |q 005300007288 |t BK |y 0 |z v.1 | ||
| 852 | |a INST |b SAMOS |e 19941103 |h 629.411 SUM |p 005300007289 |q 005300007289 |t BK |y 0 |z v.2 | ||
| 852 | |a INST |b SAMOS |e 19941103 |h 629.411 SUM |p 005300007283 |q 005300007283 |t BK |v v.3: |y 0 |z v.3 | ||
| 852 | |a INST |b SAMOS |e 19941103 |h 629.411 SUM |p 005300007288 |q 005300007288 |t BK |v v.1: |y 0 |z v.1 | ||
| 852 | |a INST |b SAMOS |e 19941103 |h 629.411 SUM |p 005300007289 |q 005300007289 |t BK |v v.2: |y 0 |z v.2 | ||
| 853 | |a INST |b SAMOS |h 629.411 SUM | ||